| 000 | 00431cam a22001337a 4500 | ||
|---|---|---|---|
| 008 | 180718b2009 xxu||||| |||| 00| 0 eng d | ||
| 082 | _aAPPPA 2008-09/SAV | ||
| 100 | _aSavithri, R. | ||
| 245 |
_aEmpowerment of women through information and communication technology _cby R. Savithri |
||
| 260 |
_aNew Delhi _bIndian Institute of Public Administration _c2009 |
||
| 300 | _a89p. | ||
| 650 | _aInformation technology | ||
| 650 | _aWomen | ||
| 999 |
_c495185 _d495185 |
||